[Event "GER-chT U14 Girls"]
[Site "Dittrichshuette"]
[Date "2004.12.29"]
[Round "4.2"]
[White "Welde, Desiree"]
[Black "Koenig, Christine"]
[Result "1-0"]
[WhiteElo "965"]
[BlackElo "1053"]
[PlyCount "57"]
[EventDate "2004.12.27"]
[EventType "team"]
[EventRounds "6"]
[EventCountry "GER"]
[SourceTitle "EXT 2006"]
[Source "ChessBase"]
[SourceDate "2005.11.24"]
[SourceVersion "1"]
[SourceVersionDate "2005.11.24"]
[SourceQuality "1"]

1. e4 c6 2. Nf3 d5 3. exd5 cxd5 4. d4 Nf6 5. Be3 Bf5 6. Nc3 Nc6 7. Qd2 Ne4 8. Qc1 f6 9. Nxe4 Bxe4 10. Bd3 e5 11. 0-0 Bd6 12. Bxe4 dxe4 13. Ne1 0-0 14. d5 Nd4 15. Qd2 Bc5 16. c4 Rc8 17. f3 exf3 18. Nxf3 Nxf3+ 19. Rxf3 Bxe3+ 20. Rxe3 Rxc4 21. Rh3 Rd4 22. Qc2 f5 23. Rd1 Rxd5 24. Qc4 Qb6+ 25. Kf1 Rfd8 26. Rxd5 Rxd5 27. Qxd5+ Kh8 28. Qxe5 Qf6 29. Qe8+ 1-0